Bio-syllabus for European environmental education : (Record no. 234753)

000 -LEADER
fixed length control field 01325cam a22003257a 4500
001 - CONTROL NUMBER
control field 13244539
003 - CONTROL NUMBER IDENTIFIER
control field Nust
005 - DATE AND TIME OF LATEST TRANSACTION
control field 20170330125514.0
008 - FIXED-LENGTH DATA ELEMENTS--GENERAL INFORMATION
fixed length control field 030619s2002 gr a b 000 0 eng d
010 ## - LIBRARY OF CONGRESS CONTROL NUMBER
LC control number 2003465244
020 ## - INTERNATIONAL STANDARD BOOK NUMBER
International Standard Book Number 9607508114
035 ## - SYSTEM CONTROL NUMBER
System control number (DLC)13244539
040 ## - CATALOGING SOURCE
Original cataloging agency NN
Transcribing agency NN
Modifying agency OCoLC
-- DLC
042 ## - AUTHENTICATION CODE
Authentication code lccopycat
043 ## - GEOGRAPHIC AREA CODE
Geographic area code e------
050 00 - LIBRARY OF CONGRESS CALL NUMBER
Classification number 372.357 ARV
Item number B56 2002
082 00 - DEWEY DECIMAL CLASSIFICATION NUMBER
Classification number 372.357 ARV
Edition number 22
245 00 - TITLE STATEMENT
Title Bio-syllabus for European environmental education :
Remainder of title a textbook for the better understandung and appreciation of the bio-environment /
Statement of responsibility, etc. Edited by[ Agni Vlavianos-Arvanitis]
260 ## - PUBLICATION, DISTRIBUTION, ETC.
Place of publication, distribution, etc. Athens :
Name of publisher, distributor, etc. Biopolitics International Organisation,
Date of publication, distribution, etc. 2002.
300 ## - PHYSICAL DESCRIPTION
Extent 880 p. :
Other physical details ill. ;
Dimensions 31 cm.
500 ## - GENERAL NOTE
General note H.B
504 ## - BIBLIOGRAPHY, ETC. NOTE
Bibliography, etc. note Includes bibliographical references.
650 #0 - SUBJECT ADDED ENTRY--TOPICAL TERM
Topical term or geographic name entry element Environmental education
Geographic subdivision Europe.
650 #0 - SUBJECT ADDED ENTRY--TOPICAL TERM
Topical term or geographic name entry element Biopolitics.
700 1# - ADDED ENTRY--PERSONAL NAME
Personal name Vlavianos-Arvanitis, Agni.
856 41 - ELECTRONIC LOCATION AND ACCESS
Materials specified Table of contents
Uniform Resource Identifier <a href="http://www.loc.gov/catdir/toc/fy045/2003465244.html">http://www.loc.gov/catdir/toc/fy045/2003465244.html</a>
906 ## - LOCAL DATA ELEMENT F, LDF (RLIN)
a 7
b cbc
c copycat
d 2
e ncip
f 20
g y-gencatlg
942 ## - ADDED ENTRY ELEMENTS (KOHA)
Source of classification or shelving scheme
Koha item type Book
Call number prefix 372.357 ARV
Holdings
Withdrawn status Lost status Source of classification or shelving scheme Damaged status Not for loan Collection code Permanent Location Current Location Shelving location Date acquired Total Checkouts Full call number Barcode Date last seen Price effective from Koha item type
            Institute of Environmental Science and Engineering (IESE) Institute of Environmental Science and Engineering (IESE) General Stacks 03/30/2017   372.357 ARV IESE-677 04/24/2017 03/30/2017 Book
© 2023 Central Library, National University of Sciences and Technology. All Rights Reserved.